000
00268nam a2200097Ia 4500
008
240331s9999 xx 000 0 und d
082
_a
294.3
_b
HOL
100
_a
Holt, J.C
245
0
_a
Buddha in the Crown :
_b
Avalokitesvara in the Buddhist Traditons of Sri Lanka
942
_c
L
999
_c
931
_d
931